Normal view MARC view

Entry Topical Term

Number of records used in: 1

001 - CONTROL NUMBER

  • control field: 18703

003 - CONTROL NUMBER IDENTIFIER

  • control field: OSt

005 - DATE AND TIME OF LATEST TRANSACTION

  • control field: 20201019130213.0

008 - FIXED-LENGTH DATA ELEMENTS

  • fixed length control field: 201019|| aca||aabn | a|a d

040 ## - CATALOGING SOURCE

  • Original cataloging agency: OSt
  • Transcribing agency: OSt

150 ## - HEADING--TOPICAL TERM

  • Topical term or geographic name entry element: Caste theory, Genealogy

670 ## - SOURCE DATA FOUND

  • Source citation: Work cat.: (OSt): Hegde, Sasheej 18702, Caste theory and identity hypothesis: What's the matter?

Powered by Koha